000 00528nam a2200217Ia 4500
003 OSt
005 20250424193325.0
008 210423s2011 xx 000 0 und d
020 _a9789350246726
040 _cAL
041 _aeng
082 _a368 GUPI
100 _aGUPTA (P K).
_990616
245 _aInsurance and risk management.
250 _a2
260 _aMumbai
_bHimalaya Publishing House
_c2011
300 _axi,849
_bPB
365 _b450
_cINR
906 _aInsurance ; management ; risk
942 _2ddc
_cBK
999 _c160195
_d160195